Meilleurs Passeurs du PSG en Ligue 1 - Statistiques

Statistiques générales
  • Ce quiz a été pris 86 fois
  • Le résultat moyen est 14 sur 18
Statistiques - réponses
Nombre de Passes Joueurs % Correct
6 Ousmane Dembélé
97%
10 Bradley Barcola
96%
6 Achraf Hakimi
95%
6 Désiré Doué
89%
8 Joao Neves
89%
5 Fabian Ruiz
88%
3 Nuno Mendes
88%
1 Vitinha
88%
3 Gonçalo Ramos
86%
2 Warren Zaïre-Emery
82%
2 Senny Mayulu
81%
1 William Pacho
75%
3 Kvaratskhelia
67%
1 Mbaye
63%
6 Lee Kang-In
59%
1 Kolo Muani
51%
4 Marco Asensio
49%
1 Arnau Tenas
33%
Aucun quiz correspondant
Distribution des résultats
% des personnes avec chaque résultat
Percentile par nombre de réponses
Votre historique - résultats
Vous n’avez pas pris ce quiz